Nové cesty marketingu i podnikání
Tendencie rozvoja marketingu v období globalizácie a hyperkonkurencie. Budúcnosť marketingu. Stratégia pohybu. Stratégia v hypersúťaži. Konkrétne príklady.
Salvato in:
| Autore principale: | |
|---|---|
| Natura: | Capitolo di libro |
| Lingua: | ceco |
| Soggetti: | |
| Tags: |
Nessun Tag, puoi essere il primo ad aggiungerne!!
|
MARC
| LEADER | 00000naa a2200000 4500 | ||
|---|---|---|---|
| 001 | r039995 | ||
| 005 | 20231002100921.2 | ||
| 041 | 0 | |a cze | |
| 044 | |a CZ | ||
| 245 | 1 | 0 | |a Nové cesty marketingu i podnikání |c Věra Vávrová |
| 520 | |a Tendencie rozvoja marketingu v období globalizácie a hyperkonkurencie. Budúcnosť marketingu. Stratégia pohybu. Stratégia v hypersúťaži. Konkrétne príklady. | ||
| 610 | 2 | 0 | |a marketing |
| 610 | 2 | 0 | |a stratégia marketingová |
| 610 | 2 | 0 | |a riadenie podnikové |
| 610 | 2 | 0 | |a riadenie zmien |
| 610 | 2 | 0 | |a konkurencia |
| 610 | 2 | 0 | |a globalizácia |
| 610 | 2 | 0 | |a firmy |
| 610 | 2 | 0 | |a koordinácia |
| 610 | 2 | 0 | |a technológie informačné |
| 100 | 1 | |a Vávrová, Věra | |